Music Quiz

Random Music or Clickable Quiz

Multiple Bands Clickable Quiz Stats

Quiz not verified by Sporcle

Also try: Backing Bands
Challenge
Share
Tweet
Embed
Score 0/50 Timer 14:00
0 Plays Today
% Correct
The Beatles
98.9%
Cream
96.2%
Guns 'n' Roses
94.6%
Wings
93.5%
Foo Fighters
92.5%
Nirvana
91.9%
The White Stripes
90.3%
Derek and the Dominoes
89.2%
The Rolling Stones
84.4%
The Yardbirds
81.7%
Emerson Lake and Palmer
78.5%
Soundgarden
76.9%
Slash's Snakepit
76.9%
Blackmore's Night
71.5%
The Animals
71%
Deep Purple
69.4%
Velvet Revolver
68.8%
Electric Light Orchestra
66.7%
Audioslave
65.1%
Megadeth
64.5%
Traveling Wilburys
63.4%
Bad Company
62.9%
The Raconteurs
61.3%
Metallica
60.2%
Blur
60.2%
% Correct
Gorillaz
58.6%
The Faces
58.1%
Temple of the Dog
56.5%
Blind Faith
55.9%
The Clash
55.9%
Them Crooked Vultures
55.4%
The Pixies
53.8%
Free
50%
The Breeders
49.5%
Rainbow
48.4%
The Smiths
47.3%
War
46.8%
John Mayall and the Bluesbreakers
44.6%
Jeff Beck Group
43%
Asia
39.8%
Big Audio Dynamite
39.8%
The Firm
36%
Modest Mouse
33.9%
Dead Weather
33.3%
The Amps
30.6%
The Fireman
29.6%
The The
25.8%
The Move
23.1%
Atomic Rooster
21.5%
General Public
16.7%

You're not logged in!

Compare scores with friends on all Sporcle quizzes.
Sign Up with Email
OR
Log In

You Might Also Like...

Show Comments

Extras

Top Quizzes Today


Score Distribution

Your Account Isn't Verified!

In order to create a playlist on Sporcle, you need to verify the email address you used during registration. Go to your Sporcle Settings to finish the process.

Report this User

Report this user for behavior that violates our Community Guidelines.

Details: